000 00738nam a2200289Ia 4500
005 20260324125153.0
008 008 260324s9999 xx 000 0 eng d
020 _a9780203878538
037 _aEBOOK
040 _aCRL
040 _beng
040 _cCRL
041 _2eng
041 _aeng
084 _qCRL
100 _aRagnar Frisch; Olav Bjerkholt; Ariane Dupont-Kieffer
_91176962
245 0 _aProblems and Methods of Econometrics
245 4 _bThe Poincaré Lectures of Ragnar Frisch 1933
260 _bTaylor and Francis
260 _c2009
365 _a
365 _b240
856 _uhttp://www.taylorfrancis.com/books/9780203878538
942 _cEBOOK
999 _c1771978
_d1771978